000 00396nam a2200181Ia 4500
008 240510s9999 xx 000 0 und d
020 _a0009559060996
041 _asih
082 _a891.483
082 _bK52
100 _aKODIKARA, Chandi
245 0 _aPichcha Mal Bisau
260 _bColombo : Pahan Publishers
260 _c2003
300 _a237 p.
942 _2ddc
942 _cLBK
999 _c28352
_d28352
945 _a1
_bMadushi Gamage
_c1
_dMadushi Gamage